Statystyki dla Quiz o państwach europejskich

Kliknij tutaj aby rozwiązać quiz!

Ogólne statystyki

  • Ten quiz został rozwiązany 6 razy
  • Średni wynik to 1 z 5

Statystyki odpowiedzi

ZagadnienieHintOdpowiedź% Poprawnych
Państwa w Europie leżące w kole podbiegunowym?Szwecja, Finlandia, Rosja, Dania
50%
Państwa leżące na wyspie?Wielka Brytania, Islandia, Irlandia
33%
Państwa , które mają eksklawy na terenie Europy?Hiszpania, Niderlandy, Belgia, Niemcy, Włochy, Chorwcja
17%
Państwa, które są enklawami?Andora, San Marino, Watykan, Monako
0%
Państwa graniczące tylko z jednym państwem?Monako, Watykan, San Marino, Dania, Irlandia, Wielka Brytania
0%

Rozkład punktacji

Percentyl według liczby udzielonych odpowiedzi

Procent ludzi z każdym wynikiem

Twoja historia wyników

Nie rozwiązałeś tego quizu